Dopis rodinám papeže Jana Pavla II. / [Přel. z ital. verze lat. orig.]
Record details
- Physical Description: 58 s. ; 21 cm
- Publisher: Praha : Česká biskupská konference, 1994
Content descriptions
| General Note: | Odkazy na lit. Pozn. |
Search for related items by subject
| Subject: | Jan Pavel II., papež, 1920-2005 |
| Genre: | papežské listy |
Available copies
- 1 of 1 copy available at Common Catalog SPOK.
Holds
- 0 current holds with 1 total copy.
Show All Copies
| Location | Call Number / Copy Notes | Barcode | Shelving Location | Status | Due Date |
|---|---|---|---|---|---|
| Jabok Library | EK-4.1.3 | 424480014550 | Odborná literatura | Available | - |
| LDR | 01174nam a2200349 a 4500 | ||
|---|---|---|---|
| 001 | 2354 | ||
| 003 | CZ-PrJAB | ||
| 005 | 20190718081934.0 | ||
| 007 | tu | ||
| 008 | 950103s1994 xr u0|0 0 cze | ||
| 015 | . | ‡acnb000090256 | |
| 020 | . | ‡q(Brož.) : ‡cPro vnitřní potřebu | |
| 035 | . | ‡a(CZ PrNK)np9434540 | |
| 035 | . | ‡a(OCoLC)39571495 | |
| 040 | . | ‡aABA001 ‡bcze | |
| 041 | 1 | . | ‡acze ‡hita ‡hlat |
| 045 | . | ‡ax9x9 | |
| 080 | . | ‡a173 ‡2undef | |
| 080 | . | ‡a316.35 ‡2undef | |
| 080 | . | ‡a23/28 ‡2undef | |
| 100 | 0 | . | ‡aJan Pavel ‡bII., ‡cpapež, ‡d1920-2005 ‡7jn19981001536 ‡4aut |
| 245 | 1 | 0. | ‡aDopis rodinám papeže Jana Pavla II. / ‡c[Přel. z ital. verze lat. orig.] |
| 260 | . | ‡aPraha : ‡bČeská biskupská konference, ‡c1994 | |
| 300 | . | ‡a58 s. ; ‡c21 cm | |
| 500 | . | ‡aOdkazy na lit. | |
| 500 | . | ‡aPozn. | |
| 600 | 0 | 7. | ‡aJan Pavel ‡bII., ‡cpapež, ‡d1920-2005 ‡7jn19981001536 ‡2czenas |
| 653 | 0 | . | ‡akřesťanské rodiny ‡akřesťanský život ‡alidská společnost ‡ařímskokatolická církev |
| 655 | 7. | ‡apapežské listy ‡7fd133001 ‡2czenas | |
| 910 | . | ‡aABG312 | |
| 995 | . | ‡aska | |
| 964 | . | ‡aJan Pavel II. (papež, *1920) - listy papežské - r. 1994 | |
| 964 | . | ‡arodiny křesťanské - listy papežské - r. 1994 | |
| 901 | . | ‡a2354 ‡bUnknown ‡c2354 ‡tbiblio | |